Vplyv hudby na psychiku a zdravotný stav človeka

Bibliographic Details
Main Author: Kleňová, Mária 1941- (Author)
Format: Article
Language:Slovak

MARC

LEADER 00000nab a2200000 a 4500
001 vtls010730647
003 SK-MaSNL
005 20260304194104.0
008 250709s2003 xo |||||||||||||||||slo|
035 |a (urnnbn)urn:nbn:sk:snk:ar-a057ic 
035 |a (uuid)c8d223f8-c00e-4e65-938f-76d5b3751a1f 
035 |a urn:nbn:sk:snk-ab3tdi 
040 |a SNKBUCL  |b slo  |c SNKBUCL  |e AACR2 
041 0 |a slo 
044 |a xo  |c SK 
100 1 |a Kleňová, Mária  |d 1941-  |4 aut  |9 15651 
245 1 0 |a Vplyv hudby na psychiku a zdravotný stav človeka  |c Mária Kleňová 
773 0 |t Múzy v škole : časopis pre hudobnú, výtvarnú a estetickú výchovu  |g Roč. 8, č. 3-4 (2003), s. 22-23 
850 |a Slovenská národná knižnica 
852 |a Slovenská národná knižnica 
954 |a odborná, vedecká literatúra pôvodná (slovenská)  |2 lita 
958 |a article1 
958 |a OND 
958 |a EUIPO 
999 |c 3071999  |d 3073929